[Event "2.Nord-West-Cup"]
[Site "?"]
[Date "2000.02.13"]
[Round "6"]
[White "Schweitzer, Paul"]
[Black "Willms, Axel"]
[Result "1/2-1/2"]
[WhiteElo "1686"]
[BlackElo "1350"]
[PlyCount "85"]

1. Nf3 Nf6 2. c3 c5 3. d3 Nc6 4. Nbd2 d5 5. a3 e6 6. Qc2 Bd6 7. e4 Qc7 8. Be2
b6 9. Nf1 Ba6 10. Bg5 Nd7 11. exd5 exd5 12. Ne3 d4 13. cxd4 Nxd4 14. Nxd4 cxd4
15. Qxc7 Bxc7 16. Nd5 Bd6 17. Rc1 Rc8 18. O-O Nc5 19. b4 Ne6 20. Rxc8+ Bxc8 21.
Rc1 Bd7 22. Bd2 O-O 23. Bf3 Rc8 24. g3 Rxc1+ 25. Bxc1 Nc7 26. Bb2 Nxd5 27. Bxd5
Be5 28. h4 Kf8 29. f4 Bf6 30. Kg2 Bg4 31. Be4 g6 32. Kf2 Ke7 33. a4 Kd6 34. Ba3
Be7 35. Bb7 Bd1 36. a5 b5 37. Ke1 Bg4 38. Kf2 h5 39. Bb2 Bf6 40. Bc1 Bg7 41.
Bd2 Bh8 42. Bf3 Bxf3 43. Kxf3 1/2-1/2

[Event "2.Nord-West-Cup"]
[Site "?"]
[Date "2000.02.11"]
[Round "2"]
[White "Segelken, Peter"]
[Black "Campe, Herbert"]
[Result "1-0"]
[WhiteElo "2020"]
[BlackElo "1601"]
[PlyCount "107"]

1. d4 Nf6 2. Nc3 g6 3. e4 d6 4. f4 Bg7 5. Be2 O-O 6. Nf3 b6 7. O-O Bb7 8. Bd3
Nbd7 9. e5 dxe5 10. fxe5 Nd5 11. Nxd5 Bxd5 12. c4 Bb7 13. Qe2 e6 14. Be4 Bxe4
15. Qxe4 c5 16. d5 exd5 17. cxd5 Re8 18. e6 fxe6 19. dxe6 Nf6 20. Qc4 Qe7 21.
Re1 Rad8 22. Bg5 Rd6 23. Re2 h6 24. Bh4 g5 25. Bg3 Rd5 26. Rae1 Red8 27. Ne5
Qe8 28. Nf7 b5 29. Qc2 Rc8 30. Nd6 Rxd6 31. Bxd6 c4 32. Qf5 Rc6 33. Bb4 Rc8 34.
Bc3 Qe7 35. Qxb5 Rc5 36. Bxf6 Bxf6 37. Qd7 c3 38. Qxe7 Bxe7 39. Rc2 cxb2 40.
Rxc5 Bxc5+ 41. Kf1 Kf8 42. Ke2 Ke7 43. Kd3 a5 44. Kc2 Bd4 45. a4 Bf6 46. g4 Kd6
47. e7 Bxe7 48. Kxb2 Bf6+ 49. Kb3 Be5 50. h3 Bf6 51. Kc4 Bd8 52. Rd1+ Kc7 53.
Kb5 Kc8 54. Rd6 1-0

[Event "2.Nord-West-Cup"]
[Site "?"]
[Date "2000.02.12"]
[Round "4"]
[White "Segelken, Peter"]
[Black "Pel, Bonno"]
[Result "0-1"]
[WhiteElo "2020"]
[BlackElo "2224"]
[PlyCount "64"]

1. d4 d6 2. g3 g6 3. Bg2 Bg7 4. Nf3 Nf6 5. O-O O-O 6. c3 Nbd7 7. Re1 e5 8. dxe5
dxe5 9. e4 b6 10. Qc2 a5 11. a4 Ba6 12. Bg5 h6 13. Bc1 Ne8 14. Be3 Nd6 15. Nfd2
Qe7 16. c4 Nb7 17. Nc3 Nbc5 18. Nd5 Qd6 19. Rad1 Rfd8 20. b3 c6 21. Nc3 Ne6 22.
Nf3 Qb4 23. Rd3 Ndc5 24. Rxd8+ Rxd8 25. Bxc5 Nxc5 26. Nd2 Ne6 27. Rb1 Nd4 28.
Qd3 Qxc3 29. Qxc3 Ne2+ 30. Kf1 Nxc3 31. Rb2 Bf8 32. Rc2 Bb4 0-1

[Event "2.Nord-West-Cup"]
[Site "?"]
[Date "2000.02.11"]
[Round "2"]
[White "Sulskies, Giedrius"]
[Black "Maschler, Andreas"]
[Result "1-0"]
[WhiteElo "2223"]
[BlackElo "1910"]
[PlyCount "39"]

1. d4 Nf6 2. Nf3 e6 3. c4 b6 4. a3 Bb7 5. Nc3 Ne4 6. Qc2 Nxc3 7. Qxc3 Be7 8.
Bf4 d6 9. e3 O-O 10. Bd3 Nd7 11. O-O Nf6 12. Qc2 h6 13. e4 Kh8 14. Rad1 a5 15.
Rfe1 a4 16. Qc1 Nh7 17. Bb1 Ng5 18. Nd2 Nh7 19. Qc2 Nf6 20. e5 1-0

[Event "2.Nord-West-Cup"]
[Site "?"]
[Date "2000.02.11"]
[Round "3"]
[White "Sulskies, Giedrius"]
[Black "Kalinitschew, Sergey"]
[Result "0-1"]
[WhiteElo "2223"]
[BlackElo "2504"]
[PlyCount "94"]

1. e4 c5 2. f4 e6 3. Nf3 Nc6 4. g3 d5 5. e5 Nh6 6. Bg2 Nf5 7. O-O h5 8. d3 Be7
9. c4 h4 10. g4 h3 11. Bh1 Nh6 12. g5 Nf5 13. Nc3 d4 14. Ne4 Qd7 15. Qe2 b6 16.
Bd2 Bb7 17. a3 a5 18. Kf2 Rd8 19. Rad1 Kf8 20. Rg1 g6 21. Rg4 a4 22. Ng3 Kg7
23. Ne4 Qc7 24. Rgg1 Ra8 25. Rb1 Na5 26. b4 axb3 27. Bxa5 Rxa5 28. Rxb3 Rha8
29. Rgb1 Bxe4 30. Qxe4 R8a6 31. Ng1 Rxa3 32. Qe2 Rxb3 33. Rxb3 Qa7 34. Be4 Ne3
35. Kg3 Ra1 36. Nxh3 Nd1 37. Nf2 Nc3 38. Qc2 Rg1+ 39. Kf3 Qa1 40. Qd2 Qf1 41.
Rxc3 dxc3 42. Qxc3 Rg2 43. Qd2 Rxh2 44. Ke3 Qg1 45. Kf3 Bd8 46. Qe2 b5 47. cxb5
Ba5 0-1

[Event "2.Nord-West-Cup"]
[Site "?"]
[Date "2000.02.12"]
[Round "5"]
[White "Sulskis, Giedrius"]
[Black "Gossmann, Ewald"]
[Result "1-0"]
[WhiteElo "2223"]
[BlackElo "2075"]
[PlyCount "181"]

1. e4 c6 2. d4 d5 3. e5 Bf5 4. c3 e6 5. Be3 Nd7 6. Qb3 Qb6 7. Nd2 Qxb3 8. axb3
Be7 9. b4 f6 10. f4 Nh6 11. Ngf3 Bg4 12. Bd3 Bf5 13. Be2 Bg4 14. O-O f5 15. Bf2
Nf7 16. h3 Bxf3 17. Bxf3 h5 18. g4 hxg4 19. hxg4 g6 20. Kg2 a6 21. Nb3 O-O-O
22. Nc5 Nxc5 23. bxc5 Rh7 24. g5 Rdh8 25. Bg3 Kc7 26. b3 Nd8 27. Ra4 Rh3 28.
Rfa1 R3h7 29. Be2 Rh3 30. Rb4 R3h7 31. Rb6 Re8 32. Bf3 Rhh8 33. Kf2 Reg8 34.
Bg2 Bf8 35. Kf3 Rg7 36. Rb4 Rhh7 37. Rba4 Kc8 38. Be1 Rd7 39. Bd2 Rh8 40. Bc1
Be7 41. Ba3 Nf7 42. Kg3 Bd8 43. Bb4 Bc7 44. R4a2 Nd8 45. Rh1 Rxh1 46. Bxh1 Rh7
47. Bf3 Kd7 48. Bg2 Rh8 49. Ba3 Rh7 50. Bc1 Rh8 51. Bf3 Rh7 52. Ba3 Rh8 53. Bb4
Rh7 54. Ba5 Bxa5 55. Rxa5 Kc8 56. Ra4 Rh8 57. Rb4 Rh7 58. Rb6 Rd7 59. Be2 Rh7
60. Bf3 Rd7 61. Rb4 Kc7 62. Ra4 Kc8 63. Ra2 Rh7 64. Re2 Kd7 65. Rh2 Rxh2 66.
Kxh2 Ke7 67. Kg3 Nf7 68. Kf2 Kd7 69. Ke3 Nh8 70. Kd3 Kc7 71. Kc2 Nf7 72. Kb2
Nh8 73. Ka3 Nf7 74. Kb4 Nh8 75. Ka5 Nf7 76. c4 Nh8 77. cxd5 cxd5 78. b4 Kc6 79.
Bd1 Kc7 80. Be2 Nf7 81. Bxa6 bxa6 82. Kxa6 Nd8 83. b5 Nb7 84. c6 Nd8 85. Ka7
Nxc6+ 86. bxc6 Kxc6 87. Kb8 Kd7 88. Kb7 Kd8 89. Kc6 Ke7 90. Kc7 Kf8 91. Kd8 1-0

[Event "2.Nord-West-Cup"]
[Site "?"]
[Date "2000.02.13"]
[Round "7"]
[White "Sulskis, Giedrius"]
[Black "Fleischer, Uwe"]
[Result "1-0"]
[WhiteElo "2223"]
[BlackElo "2088"]
[PlyCount "51"]

1. e4 c5 2. Nf3 d6 3. d4 cxd4 4. Nxd4 Nf6 5. Nc3 a6 6. f4 e5 7. Nf3 Qc7 8. a4
b6 9. Bd3 Bb7 10. O-O Nbd7 11. Qe1 Be7 12. Nh4 g6 13. Kh1 h6 14. Nf3 O-O-O 15.
Be3 Ng4 16. Bg1 exf4 17. Nd5 Bxd5 18. exd5 Nc5 19. Bxc5 dxc5 20. Bxa6+ Kb8 21.
c4 Ne3 22. Rf2 g5 23. a5 g4 24. axb6 Qd6 25. Qa5 gxf3 26. Bb7 1-0

[Event "2.Nord-West-Cup"]
[Site "?"]
[Date "2000.02.10"]
[Round "1"]
[White "Syed, Tareq"]
[Black "Hoelscher, Josef"]
[Result "1-0"]
[WhiteElo "2095"]
[BlackElo "1277"]
[PlyCount "65"]

1. Nf3 Nf6 2. g3 e6 3. Bg2 Be7 4. O-O d5 5. d3 h6 6. Nbd2 O-O 7. e4 dxe4 8.
dxe4 Nc6 9. e5 Nd7 10. Qe2 Rb8 11. Rd1 Qe8 12. Nf1 Bc5 13. Bf4 Qe7 14. h4 a6
15. N1h2 f5 16. h5 b5 17. Nh4 Nd4 18. Qd2 Rf7 19. c3 Bb7 20. Bxb7 Rxb7 21. cxd4
Bb4 22. Qc2 Qe8 23. Qb3 Ba5 24. d5 Nc5 25. Qc2 Bb6 26. Nf1 Ne4 27. Ne3 Nc5 28.
b4 Ne4 29. dxe6 Rf8 30. Ng6 Bxe3 31. Bxe3 Ng5 32. Bxg5 hxg5 33. e7 1-0

[Event "2.Nord-West-Cup"]
[Site "?"]
[Date "2000.02.11"]
[Round "3"]
[White "Syed, Tareq"]
[Black "Gorman, Stephen"]
[Result "0-1"]
[WhiteElo "2095"]
[BlackElo "1838"]
[PlyCount "62"]

1. Nf3 e6 2. g3 b6 3. Bg2 Bb7 4. O-O f5 5. c4 Nf6 6. Nc3 Bb4 7. Qc2 O-O 8. d3
a5 9. Na4 Be7 10. a3 Qc8 11. Bd2 d6 12. b4 axb4 13. axb4 e5 14. c5 bxc5 15.
bxc5 e4 16. Nd4 Bd5 17. cxd6 Bxd6 18. Nb5 Ra6 19. Nac3 Bb7 20. dxe4 Rxa1 21.
Rxa1 Bc5 22. Nd5 Nxe4 23. Bxe4 Bxf2+ 24. Kg2 Qe6 25. Bf3 Bxd5 26. Nxc7 Bxf3+
27. Kxf3 Qe5 28. Ra8 Bc5 29. Qb3+ Kh8 30. Qd5 Qxc7 31. Bf4 Qc6 0-1

[Event "2.Nord-West-Cup"]
[Site "?"]
[Date "2000.02.12"]
[Round "5"]
[White "Syed, Tareq"]
[Black "Opalka, Stefan"]
[Result "1/2-1/2"]
[WhiteElo "2096"]
[BlackElo "1784"]
[PlyCount "66"]

1. Nf3 c5 2. g3 Nf6 3. Bg2 e6 4. O-O Be7 5. d3 O-O 6. Nbd2 d6 7. e4 Nbd7 8. Re1
Qc7 9. Nf1 Rb8 10. h3 b6 11. g4 Bb7 12. Ng3 Ne8 13. g5 f6 14. h4 fxg5 15. Nxg5
Bxg5 16. hxg5 Ne5 17. f4 Ng6 18. Qg4 Qf7 19. Rf1 Nc7 20. f5 Ne5 21. Qh3 exf5
22. Nxf5 Qe6 23. Bf4 g6 24. Nh6+ Kg7 25. Qg3 Nb5 26. c3 Rbd8 27. Bxe5+ Qxe5 28.
Qh4 Bc8 29. Nf7 Rxf7 30. Qh6+ Kg8 31. Rxf7 Kxf7 32. Qxh7+ Ke8 33. Qxg6+ Kd7
1/2-1/2

[Event "2.Nord-West-Cup"]
[Site "?"]
[Date "2000.02.13"]
[Round "7"]
[White "Syed, Tareq"]
[Black "Elbern, Thomas"]
[Result "0-1"]
[WhiteElo "2096"]
[BlackElo "1927"]
[PlyCount "97"]

1. Nf3 Nf6 2. g3 e6 3. Bg2 d5 4. c4 c6 5. b3 Bd6 6. Bb2 Nbd7 7. d4 Qe7 8. O-O
O-O 9. Nbd2 b6 10. Qc2 Bb7 11. e4 Nxe4 12. Nxe4 dxe4 13. Qxe4 Nf6 14. Qe2 c5
15. Rfe1 cxd4 16. Nxd4 Bxg2 17. Kxg2 Qb7+ 18. Qf3 Qxf3+ 19. Kxf3 Rfe8 20. Nb5
Bb8 21. Bxf6 gxf6 22. Rad1 a6 23. Nd6 Rd8 24. Ne4 f5 25. Nf6+ Kg7 26. Nd7 Re8
27. Nxb6 Ra7 28. Rd7 Bc7 29. Na4 e5 30. Red1 Re6 31. c5 Rc6 32. R1d5 Kf6 33.
R5d6+ Bxd6 34. Rxa7 e4+ 35. Ke2 Bc7 36. b4 Ke5 37. Nb6 f4 38. gxf4+ Kd4 39.
Rxa6 Bxf4 40. Ra7 Bc7 41. Nd7 Bxh2 42. b5 Re6 43. c6 e3 44. fxe3+ Rxe3+ 45. Kd2
Rd3+ 46. Kc2 Rc3+ 47. Kb2 Bd6 48. Ra4+ Kd3 49. Rh4 0-1

[Event "2.Nord-West-Cup"]
[Site "?"]
[Date "2000.02.10"]
[Round "1"]
[White "Teixeira, Jose"]
[Black "Buchenau, Frank"]
[Result "0-1"]
[WhiteElo "1761"]
[BlackElo "2220"]
[PlyCount "42"]

1. e4 e6 2. d4 d5 3. e5 c5 4. c3 Ne7 5. Nf3 Nec6 6. Be2 b6 7. O-O Ba6 8. a3
Bxe2 9. Qxe2 c4 10. b4 cxb3 11. Nbd2 Na5 12. Bb2 Be7 13. Rfc1 O-O 14. c4 Nbc6
15. cxd5 Qxd5 16. Nc4 Nxc4 17. Qxc4 Rfc8 18. Qxd5 exd5 19. Rc3 Na5 20. Nd2 Bg5
21. Nxb3 Rxc3 0-1

[Event "2.Nord-West-Cup"]
[Site "?"]
[Date "2000.02.11"]
[Round "3"]
[White "Teixeira, Jose"]
[Black "Segelken, Peter"]
[Result "0-1"]
[WhiteElo "1761"]
[BlackElo "2020"]
[PlyCount "56"]

1. e4 d5 2. exd5 Nf6 3. Nf3 Nxd5 4. g3 Bg4 5. Bg2 e6 6. O-O Bd6 7. d3 O-O 8.
Bd2 Nd7 9. Nc3 c6 10. Ne4 Be7 11. Qc1 f6 12. Re1 e5 13. a4 a5 14. Nc3 b6 15. h3
Bh5 16. Nxd5 cxd5 17. Nh4 Bf7 18. Nf5 Rc8 19. Bh6 Nc5 20. Qd2 gxh6 21. Qxh6 Ne6
22. d4 e4 23. f3 Bg6 24. fxe4 Bxf5 25. exf5 Nxd4 26. Rad1 Bc5 27. Kh1 Nxf5 28.
Bxd5+ Qxd5+ 0-1

[Event "2.Nord-West-Cup"]
[Site "?"]
[Date "2000.02.12"]
[Round "4"]
[White "Teixeira, Jose"]
[Black "Lau, Udo"]
[Result "0-1"]
[WhiteElo "1761"]
[BlackElo "2195"]
[PlyCount "78"]

1. e4 c6 2. d4 d5 3. e5 Bf5 4. g4 Bd7 5. Be3 Na6 6. f4 h5 7. f5 hxg4 8. Qxg4
Nh6 9. Bxh6 Rxh6 10. Nc3 e6 11. fxe6 Bxe6 12. Qg3 Rg6 13. Qf2 Be7 14. O-O-O Bh4
15. Qe2 Bg4 16. Nf3 Nc7 17. Bg2 Ne6 18. Qf1 Bg5+ 19. Kb1 Bf4 20. h4 Qe7 21. Bh3
Bxh3 22. Rxh3 O-O-O 23. Ne2 Rh8 24. Qf2 Rh5 25. Rg1 Rxg1+ 26. Qxg1 g6 27. Qg4
Qd7 28. Rh1 Be3 29. Ng3 Rh8 30. Re1 Bf2 31. Rf1 Bxg3 32. Qxg3 Ng7 33. Ng5 Nf5
34. Qa3 b6 35. Rh1 Nxd4 36. Qc3 Ne6 37. Rf1 Rxh4 38. Qg3 Rh5 39. Nxf7 Qxf7 0-1

[Event "2.Nord-West-Cup"]
[Site "?"]
[Date "2000.02.13"]
[Round "7"]
[White "Teixeira, Jose"]
[Black "Eden, Wilke"]
[Result "1-0"]
[WhiteElo "1761"]
[BlackElo "1616"]
[PlyCount "47"]

1. e4 e5 2. Bb5 a6 3. Ba4 Nf6 4. d4 exd4 5. e5 Nd5 6. Qxd4 Nb6 7. Bb3 d6 8. Nf3
Be7 9. exd6 Bf6 10. Qe4+ Kf8 11. dxc7 Qxc7 12. O-O Nc6 13. Re1 Bd7 14. Bf4 Qc8
15. Bd6+ Kg8 16. Nc3 g6 17. Qf4 Bf5 18. g4 Bxc2 19. Bxc2 Bxc3 20. bxc3 Nd5 21.
Qc4 Nf6 22. h3 Qd7 23. Rad1 b5 24. Qf4 1-0

[Event "2.Nord-West-Cup"]
[Site "?"]
[Date "2000.02.11"]
[Round "2"]
[White "Tschetschelnizki, Boris"]
[Black "Pel, Bonno"]
[Result "1-0"]
[WhiteElo "2272"]
[BlackElo "2224"]
[PlyCount "120"]

1. d4 d6 2. Nf3 g6 3. Bg5 Bg7 4. Nc3 c6 5. Qd2 h6 6. Bf4 g5 7. Bg3 Qb6 8. O-O-O
f5 9. e3 Nf6 10. Qd3 Qa5 11. Nd2 Na6 12. Nb3 Qc7 13. f3 Be6 14. Qd2 Nb4 15. e4
fxe4 16. fxe4 Nh5 17. Bf2 a5 18. d5 Bg4 19. Nd4 O-O 20. Be3 Nf4 21. h4 c5 22.
Ndb5 Qd7 23. hxg5 hxg5 24. Re1 Nh5 25. Bc4 Rf7 26. Rhf1 Raf8 27. Rxf7 Rxf7 28.
Kb1 Nf4 29. Nd1 Bxd1 30. Rxd1 Qg4 31. Bf1 Ng6 32. a3 Na6 33. Bxg5 Qxe4 34. Re1
Qg4 35. Be3 Ne5 36. Bh6 Bf6 37. Nc3 Nc7 38. Ne4 Bh8 39. Ng5 Rf6 40. Ne4 Rxf1
41. Rxf1 Qxe4 42. Qg5+ Ng6 43. Rf8+ Kh7 44. Rf7+ Kg8 45. Rf4 Bf6 46. Rxe4 Bxg5
47. Bxg5 Nxd5 48. c4 Nb6 49. Bxe7 Nxc4 50. Rxc4 Nxe7 51. Rf4 Kg7 52. Rf3 b5 53.
Kc2 Kg6 54. Rf8 Nf5 55. Kd3 d5 56. Ra8 c4+ 57. Kd2 Nd4 58. Rd8 Nb3+ 59. Kc3 d4+
60. Rxd4 Nxd4 1-0

[Event "2.Nord-West-Cup"]
[Site "?"]
[Date "2000.02.12"]
[Round "4"]
[White "Tschetschelnizki, Boris"]
[Black "Sulskis, Giedrius"]
[Result "1/2-1/2"]
[WhiteElo "2272"]
[BlackElo "2223"]
[PlyCount "157"]

1. d4 d5 2. Nf3 Nf6 3. g3 c6 4. Bg2 Bg4 5. Ne5 Bh5 6. c4 e6 7. Nc3 Nbd7 8. cxd5
exd5 9. Nd3 Bd6 10. Bf4 Bxf4 11. Nxf4 Bg6 12. Nxg6 hxg6 13. e3 Qb6 14. Qd2 g5
15. h3 O-O-O 16. O-O-O Ne8 17. Qc2 Kb8 18. Kb1 Nd6 19. Na4 Qa5 20. Nc5 Nxc5 21.
Qxc5 Qc7 22. Rc1 Qe7 23. Qb4 Qd7 24. Ka1 Rde8 25. Rc2 Ne4 26. Rhc1 Qe7 27. Qb3
Ka8 28. a4 f6 29. a5 a6 30. Bf1 Qd8 31. Qb4 Re6 32. Ka2 Qe7 33. Qb3 Re8 34. Bd3
Qd8 35. Qb4 R8e7 36. Bf1 Qb8 37. Bd3 f5 38. Re1 f4 39. gxf4 gxf4 40. Rg1 fxe3
41. fxe3 Nd6 42. Rcg2 Rxe3 43. Bf1 Qc7 44. Rf2 Re8 45. Rg6 Nb5 46. Rg4 Re1 47.
Rf8 Nd6 48. Rxe8+ Rxe8 49. Bd3 Ne4 50. Rg1 g5 51. Rf1 Qe7 52. Qb6 Nd6 53. Qb4
Nb5 54. Qxe7 Rxe7 55. Rf8+ Ka7 56. Bxb5 axb5 57. Rg8 Re4 58. Rxg5 Rxd4 59. Rg4
Rd3 60. h4 Rh3 61. b4 Kb8 62. Kb2 Kc7 63. Rg7+ Kd6 64. Rh7 Ke5 65. h5 Kd4 66.
Rxb7 Rh2+ 67. Kb3 Rh3+ 68. Kb2 Rxh5 69. a6 Rh8 70. Rc7 Kc4 71. Rxc6+ Kxb4 72.
Kc2 Rh3 73. a7 Ra3 74. Rc7 Ra6 75. Kd3 Ka5 76. Rb7 b4 77. Kc2 Ka4 78. Kb2 Ra5
79. Rd7 1/2-1/2

[Event "2.Nord-West-Cup"]
[Site "?"]
[Date "2000.02.13"]
[Round "6"]
[White "Tschetschelnizki, Boris"]
[Black "Hundack, Rolf"]
[Result "1-0"]
[WhiteElo "2272"]
[BlackElo "2252"]
[PlyCount "95"]

1. d4 Nf6 2. Bg5 g6 3. Bxf6 exf6 4. e3 d5 5. c4 dxc4 6. Bxc4 Bd6 7. Nc3 c6 8.
Nf3 Nd7 9. O-O Nb6 10. Bb3 Kf8 11. e4 Kg7 12. Re1 a5 13. a3 Bc7 14. Qe2 Bg4 15.
Rad1 a4 16. Ba2 Ra5 17. h3 h5 18. Kf1 Bd7 19. Qd2 Qa8 20. e5 Qa6+ 21. Kg1 fxe5
22. dxe5 Re8 23. Qf4 Nd5 24. Nxd5 cxd5 25. Bxd5 Be6 26. Bxe6 Qxe6 27. Ng5 Qf5
28. Qxf5 gxf5 29. e6 Re5 30. Rxe5 Bxe5 31. exf7 Rc8 32. f4 Bxb2 33. Rd7 Bxa3
34. Rxb7 Bf8 35. Ne6+ Kf6 36. Nxf8 Rxf8 37. Ra7 Rxf7 38. Ra6+ Ke7 39. Rxa4 Rf8
40. Ra6 Kf7 41. Rh6 Ra8 42. Rxh5 Ke6 43. Kf2 Ra3 44. g4 Kd5 45. Rxf5+ Ke4 46.
Kg2 Rb3 47. Rf8 Ra3 48. g5 1-0

[Event "2.Nord-West-Cup"]
[Site "?"]
[Date "2000.02.10"]
[Round "1"]
[White "Tschetschelnizki, Mikhail"]
[Black "Meyner, Hannes"]
[Result "1/2-1/2"]
[WhiteElo "2136"]
[BlackElo "1969"]
[PlyCount "40"]

1. d4 d5 2. Nf3 Nf6 3. g3 c6 4. Bg2 Bf5 5. O-O e6 6. c4 Be7 7. Nc3 h6 8. Qb3
Qb6 9. c5 Qxb3 10. axb3 Na6 11. Bd2 O-O 12. Rfc1 Nd7 13. Na4 Bf6 14. e3 Nc7 15.
b4 Rfe8 16. Nc3 a6 17. Ne2 Nb5 18. Nc3 Nc7 19. Ne2 Nb5 20. Nc3 Nc7 1/2-1/2

[Event "2.Nord-West-Cup"]
[Site "?"]
[Date "2000.02.11"]
[Round "3"]
[White "Tschetschelnizki, Mikhail"]
[Black "Korsus, Bernd"]
[Result "1-0"]
[WhiteElo "2136"]
[BlackElo "2186"]
[PlyCount "65"]

1. d4 Nf6 2. Nf3 c5 3. c3 g6 4. Bg5 Bg7 5. e3 Qc7 6. Bd3 O-O 7. O-O d6 8. Nbd2
Nbd7 9. Qe2 Re8 10. h3 e5 11. dxe5 dxe5 12. e4 Nh5 13. Rfe1 h6 14. Be3 a6 15.
a4 Nf8 16. Nc4 Ne6 17. Qf1 Nef4 18. Bxf4 Nxf4 19. Ne3 Be6 20. Bc4 Qc6 21. Bxe6
fxe6 22. Ng4 Qc7 23. g3 Nh5 24. Qc4 Re7 25. Rad1 Rf8 26. Kg2 Rb8 27. Re2 Rf8
28. Rdd2 Kh7 29. Re3 Rff7 30. Red3 Bf6 31. Rd6 Ng7 32. Ngxe5 Rf8 33. Nd7 1-0

[Event "2.Nord-West-Cup"]
[Site "?"]
[Date "2000.02.12"]
[Round "5"]
[White "Tschetschelnizki, Mikhail"]
[Black "Buchenau, Frank"]
[Result "1-0"]
[WhiteElo "2136"]
[BlackElo "2220"]
[PlyCount "67"]

1. d4 e6 2. Nf3 Nf6 3. Bg5 c5 4. c3 b6 5. e4 h6 6. Bxf6 Qxf6 7. e5 Qg6 8. Bd3
Qxg2 9. Rg1 Qh3 10. Be4 Nc6 11. d5 exd5 12. Bxd5 Bb7 13. Nbd2 Qf5 14. Qe2 O-O-O
15. O-O-O d6 16. Nc4 Re8 17. Qd2 Nxe5 18. Bxb7+ Kxb7 19. Nfxe5 dxe5 20. Qd7+
Qxd7 21. Rxd7+ Kc6 22. Rxf7 g5 23. Rxa7 b5 24. Ne3 Bd6 25. Ra6+ Kc7 26. Nd5+
Kd7 27. Nf6+ Ke6 28. Nxe8 Rxe8 29. Rd1 Rd8 30. f3 h5 31. h3 Rd7 32. Kd2 Rd8 33.
Ke3 c4 34. Ke4 1-0

[Event "2.Nord-West-Cup"]
[Site "?"]
[Date "2000.02.13"]
[Round "7"]
[White "Tschetschelnizki, Mikhail"]
[Black "Wittje, Berthold"]
[Result "1-0"]
[WhiteElo "2136"]
[BlackElo "2221"]
[PlyCount "108"]

1. d4 Nf6 2. Nf3 e6 3. Bg5 c5 4. c3 d5 5. e3 Nbd7 6. Bd3 Be7 7. Nbd2 Qc7 8. O-O
O-O 9. Qe2 b6 10. e4 dxe4 11. Nxe4 Bb7 12. dxc5 bxc5 13. Rad1 Rfd8 14. Bb1 a5
15. Rfe1 a4 16. Bh4 Qb6 17. Nxf6+ Bxf6 18. Bxf6 Nxf6 19. Ne5 Rd5 20. Nc4 Qb5
21. Rxd5 Bxd5 22. Ne3 Qb7 23. Nxd5 exd5 24. Qd2 g6 25. h3 Rb8 26. Re2 Kg7 27.
Bd3 c4 28. Bc2 Qxb2 29. Bxa4 Qa3 30. Bd1 Rb1 31. Kh2 Rc1 32. Bc2 Ra1 33. Bd1
Qd6+ 34. g3 Qa3 35. Kg2 Rc1 36. Bc2 Qb2 37. h4 Qa1 38. a4 Rg1+ 39. Kf3 Qf1 40.
Ke3 Qh3 41. Qd4 Ra1 42. Kf3 Qh1+ 43. Ke3 Qc1+ 44. Kf3 h6 45. Qd2 Qh1+ 46. Ke3
Qh3 47. Qd4 g5 48. hxg5 hxg5 49. Kf3 Qh6 50. Ke3 g4+ 51. Qf4 Qh5 52. Kd4 Ra2
53. Re5 Qh1 54. Qg5+ Kf8 1-0

[Event "2.Nord-West-Cup"]
[Site "?"]
[Date "2000.02.11"]
[Round "2"]
[White "Ungar, Benedict"]
[Black "Hoffmann, Rainer"]
[Result "0-1"]
[WhiteElo "1615"]
[BlackElo "2030"]
[PlyCount "114"]

1. Nf3 Nf6 2. g3 d6 3. Bg2 e5 4. d3 g6 5. Nbd2 Bg7 6. Rb1 O-O 7. c4 a5 8. b3
Na6 9. O-O Re8 10. a3 c6 11. Qc2 Bg4 12. h3 Bd7 13. Ng5 d5 14. Bb2 h6 15. Ngf3
Nh5 16. e3 Bf6 17. Bc3 b5 18. Qb2 d4 19. Bxa5 Qxa5 20. g4 Ng7 21. Ne4 Be7 22.
b4 Qc7 23. cxb5 cxb5 24. Rfc1 Qb8 25. exd4 exd4 26. Nxd4 Ne6 27. Nc5 Naxc5 28.
bxc5 Nxd4 29. Qxd4 Ra7 30. a4 Bg5 31. Rc2 b4 32. c6 Bc8 33. Qxb4 Qc7 34. Bd5
Ra5 35. Bf3 Qa7 36. Kg2 Rxa4 37. Qb6 Bf4 38. c7 Rf8 39. Qxa7 Rxa7 40. Rb7 Bxb7
41. Bxb7 Rxb7 42. c8=Q Rxc8 43. Rxc8+ Kg7 44. Kf3 Rb4 45. Rc4 Rxc4 46. dxc4 Bh2
47. Ke4 Kf6 48. f4 Ke6 49. h4 f5+ 50. Kf3 Bg1 51. h5 g5 52. fxg5 hxg5 53. gxf5+
Kxf5 54. Kg3 Bd4 55. Kf3 g4+ 56. Kg3 Be5+ 57. Kh4 g3 0-1

[Event "2.Nord-West-Cup"]
[Site "?"]
[Date "2000.02.12"]
[Round "4"]
[White "Ungar, Benedict"]
[Black "Zschischang, Marine"]
[Result "0-1"]
[WhiteElo "1615"]
[BlackElo "2037"]
[PlyCount "90"]

1. Nf3 e6 2. c4 d5 3. cxd5 exd5 4. d4 Nf6 5. Nc3 c6 6. Bg5 Be7 7. e3 Bf5 8. Bd3
Bg6 9. Qc2 Ne4 10. Bxe7 Qxe7 11. Nxd5 cxd5 12. Qc8+ Qd8 13. Bb5+ Nd7 14. Bxd7+
Ke7 15. Qxd8+ Rhxd8 16. Ba4 f6 17. Bb3 a5 18. a3 a4 19. Ba2 Rac8 20. Nh4 Rc2
21. Nxg6+ hxg6 22. O-O Rxb2 23. Bb1 Nd2 24. Rd1 Nxb1 25. Rdxb1 Rxb1+ 26. Rxb1
Rb8 27. Rb5 Kd6 28. g3 b6 29. Kf1 Kc6 30. Rb1 g5 31. Rc1+ Kd6 32. h3 f5 33. f4
gxf4 34. gxf4 b5 35. Rb1 b4 36. axb4 a3 37. b5 a2 38. Ra1 Ra8 39. Ke2 Kc7 40.
Kd2 Kb6 41. Kc2 Kxb5 42. Kb2 Kc4 43. Kc2 Ra3 44. Kd2 Kb3 45. Kc1 Ra8 0-1

[Event "2.Nord-West-Cup"]
[Site "?"]
[Date "2000.02.13"]
[Round "6"]
[White "Ungar, Benedict"]
[Black "Michalowski, Richard"]
[Result "1/2-1/2"]
[WhiteElo "1615"]
[BlackElo "1582"]
[PlyCount "121"]

1. Nf3 b5 2. g3 Bb7 3. Bg2 e6 4. b3 Be7 5. Bb2 Nf6 6. c4 a6 7. d3 d5 8. Nbd2
Nbd7 9. Rc1 c5 10. cxd5 exd5 11. O-O O-O 12. Re1 d4 13. b4 Rc8 14. bxc5 Bxc5
15. Bxd4 Bxd4 16. Nxd4 Bxg2 17. Kxg2 Nc5 18. N4b3 Qb6 19. Rxc5 Rxc5 20. Nxc5
Qxc5 21. Nb3 Qc6+ 22. f3 Rc8 23. Qc1 Qc2 24. Qxc2 Rxc2 25. Rc1 Rxe2+ 26. Kf1
Re8 27. d4 Nd7 28. Rc7 Nb8 29. Kf2 g6 30. Ra7 Kf8 31. d5 Rd8 32. Ra8 Ke7 33.
Ke3 f5 34. Ra7+ Rd7 35. Rxd7+ Nxd7 36. Kd4 Kd6 37. Na5 Nc5 38. h3 g5 39. Nc6
Nd7 40. Na5 Nc5 41. f4 h6 42. fxg5 hxg5 43. h4 gxh4 44. gxh4 f4 45. h5 f3 46.
Ke3 f2 47. Kxf2 Ne4+ 48. Ke3 Nf6 49. h6 Kxd5 50. Kf4 Ke6 51. Kg5 Kf7 52. Nc6
Nh7+ 53. Kf5 Nf8 54. Ne5+ Kg8 55. Ng6 Nxg6 56. Kxg6 a5 57. Kf5 b4 58. Ke4 a4
59. Kd3 Kh7 60. Kc4 b3 61. axb3 1/2-1/2

[Event "2.Nord-West-Cup"]
[Site "?"]
[Date "2000.02.11"]
[Round "2"]
[White "van der Veen, Anne"]
[Black "Kumeth, Hartmut"]
[Result "1/2-1/2"]
[WhiteElo "1600"]
[BlackElo "1739"]
[PlyCount "82"]

1. e4 e5 2. Nf3 Nc6 3. Bb5 a6 4. Ba4 Nf6 5. O-O Be7 6. Bxc6 dxc6 7. Qe1 Bd6 8.
d4 Qe7 9. dxe5 Bxe5 10. Nxe5 Qxe5 11. f3 Be6 12. Qc3 Qxc3 13. Nxc3 h6 14. Be3
O-O-O 15. Rfd1 Nd7 16. Ne2 f6 17. Nd4 Rhe8 18. Kf2 c5 19. Nxe6 Rxe6 20. Rd5 b6
21. Rad1 Re5 22. Rxe5 Nxe5 23. Rxd8+ Kxd8 24. h3 Kd7 25. f4 Nc4 26. Bc1 b5 27.
Kf3 Ke6 28. b3 Na5 29. f5+ Kf7 30. Bf4 c6 31. Bc7 Nb7 32. c4 h5 33. g4 hxg4+
34. hxg4 Ke7 35. e5 Kd7 36. exf6 gxf6 37. Bg3 bxc4 38. bxc4 Na5 39. Bh4 Ke7 40.
Bf2 Nxc4 41. Bxc5+ Kf7 1/2-1/2

[Event "2.Nord-West-Cup"]
[Site "?"]
[Date "2000.02.13"]
[Round "6"]
[White "van der Veen, Anne"]
[Black "Langheinrich, Elfi"]
[Result "0-1"]
[WhiteElo "1600"]
[BlackElo "1552"]
[PlyCount "80"]

1. e4 e5 2. Nf3 Nc6 3. Bb5 d6 4. d4 exd4 5. Nxd4 Bd7 6. Bxc6 bxc6 7. O-O Nf6 8.
Nc3 Be7 9. f4 O-O 10. Kh1 h6 11. Be3 Ng4 12. Bg1 Nf6 13. e5 Nd5 14. Ne4 Qb8 15.
Qh5 Qxb2 16. Rfb1 Qa3 17. Rb3 Qa6 18. Rg3 Nxf4 19. Qxh6 Ng6 20. Rxg6 fxg6 21.
Qxg6 dxe5 22. Ne6 Bxe6 23. Qxe6+ Rf7 24. Rd1 Qe2 25. Rd7 Qxe4 26. Rxe7 Raf8 27.
Rxf7 Rxf7 28. h3 Qxc2 29. Qe8+ Rf8 30. Qe6+ Kh7 31. Qxe5 Qxa2 32. Bd4 Qf7 33.
Qe4+ Kg8 34. Qe5 Re8 35. Qg5 Re1+ 36. Kh2 a6 37. Qd8+ Re8 38. Qg5 Rf8 39. Qg3
Qf4 40. Qxf4 Rxf4 0-1

[Event "2.Nord-West-Cup"]
[Site "?"]
[Date "2000.02.11"]
[Round "2"]
[White "van Hove, Ode"]
[Black "Schlichtmann, Gisbert"]
[Result "0-1"]
[WhiteElo "1387"]
[BlackElo "2213"]
[PlyCount "48"]

1. e4 e6 2. d4 d5 3. Nc3 Bb4 4. Bd2 Ne7 5. e5 c5 6. dxc5 Nd7 7. Bb5 O-O 8. f4
f6 9. Nf3 fxe5 10. fxe5 Ng6 11. Bxd7 Bxd7 12. O-O Qc7 13. Re1 Rf5 14. Qe2 Raf8
15. a3 Bxc5+ 16. Kh1 a6 17. a4 Bc6 18. Na2 d4 19. Nb4 Rxf3 20. Nxc6 Rf2 21. Qg4
Rxd2 22. Qxe6+ Kh8 23. b4 Nf4 24. Qg4 Rxg2 0-1